| 000 | 00000nam##2200000za#4500 |
| 001 | 9.580215 |
| 003 | CaOODSP |
| 005 | 20210624190931 |
| 007 | cr ||||||||||| |
| 008 | 150406|2010||||xxc|||||o f|0| 0 eng|d |
| 022 | |a1488-5387 |
| 040 | |aCaOODSP|beng |
| 043 | |an-cn--- |
| 086 | 1 |aFs97-4/2904E-PDF |
| 110 | 1 |aCanada. |bDepartment of Fisheries and Oceans. |
| 245 | 10|aMitigation guide for the protection of fishes and fish habitat to accompany the species at risk recovery potential assessments conducted by Fisheries and Oceans Canada (DFO) in Central and Arctic Region - version 1.0 / |h[electronic resource]|cby G.A. Coker, D.L. Ming, and N.E. Mandrak. |
| 260 | |aBurlington - Ontario : |bFisheries and Oceans Canada |c2010. |
| 300 | |a48p.|bfigs., references, tables |
| 490 | 1 |aCanadian manuscript report of fisheries and aquatic sciences|x1488-5387|vNo. 2904 |
| 500 | |aFile reproduced from original print. On t. p.: Ontario Great Lakes Area, Burlington, Ontario. The catalogue number and ISSN for the print edition appear in the PDF version. |
| 546 | |a(Résumés en français) |
| 590 | |a14-14-Supp|b2014-07-24 |
| 720 | 1 |aMandrak, N. E. |
| 720 | 1 |aCoker, G. A. |
| 720 | 1 |aMing, D. L. |
| 776 | 0#|tMitigation guide for the protection of fishes and fish habitat to accompany the species at risk recovery potential assessments conducted by Fisheries and Oceans Canada (DFO) in Central and Arctic Region - version 1.0 / |w(CaOODSP)9.619736 |
| 830 | #0|aCanadian manuscript report of fisheries and aquatic sciences,|x1488-5387|vNo. 2904|w(CaOODSP)9.505211 |
| 856 | 40|ahttp://publications.gc.ca|qPDF|s2341 KB|uhttps://publications.gc.ca/collections/collection_2014/mpo-dfo/Fs97-4-2904-eng.pdf|yNo. 2904 |